• 首页
  • 本馆介绍
  • 公告通知
  • 最新文献
  • 馆藏检索
  • 电子资源
  • 读者导购
  • 参考咨询
  • 我的图书馆
  • 登录
  • 详细信息显示
  • 放入我的书架
  • 预约/预借图书
  • 作者相关作品
  • 分类相关作品
  • 丛书相关作品
  • 出版社相关作品

书目信息

  • 表格格式
  • 工作单格式
  • 卡片格式
题名:
近代物理学介绍
    
 
作者: ;物理通报编委会 编
分册: 第二集  
出版信息: 北京   科学出版社  1959
页数: 390页
开本: 20cm
丛书名: 物理通报丛书
单 册:
中图分类: O4-1
科图分类:
主题词: 物理学--现状 , 物理学--概况
电子资源:
ISBN:
000 00696nam0 2200241 450
001 0640510532
005 20060817150124.56
010    @dCNY1.30
100    @a20060720d1959 km y0chiy0120 ea
101 0  @achi
102    @aCN@b110000
102    @aCN@b110000
200 1  @a近代物理学介绍@Ajin dai wu li xue jie shao@h第二集@f物理通报编委会编@Fwu li tong bao bian wei hui bian
210    @a北京@c科学出版社@d1959
215    @a390页@d20cm
225    @a物理通报丛书
410  0 @12001 @a物理通报丛书
606 0  @a物理学@x现状
606 0  @a物理学@x概况
690    @aO4-1@v3
711  0 @a物理通报编委会@Awu li tong bao bian wei hui@4编
801  0 @aCN@bPFT@c20060817
905    @a10447@dO4-1@e369:2
    
    近代物理学介绍.第二集/物理通报编委会编.-北京:科学出版社,1959
    390页;20cm.-(物理通报丛书)
    
    
    ISBN :CNY1.30
    
●
相关链接 在E读中查询图书 在五车中查询图书 在当当中查询图书 在豆瓣中查询图书


正题名:近代物理学介绍     索取号:O4-1/369:2         预约/预借

序号 登录号 条形码 馆藏地/架位号 状态 备注
1 0432468   204324686   密集书库/ [索取号:O4-1/369:2] 在馆    
2 0434140   204341408   密集书库/ [索取号:O4-1/369:2] 在馆    
3 0468434   204684341   密集书库/ [索取号:O4-1/369:2] 在馆    
唐山师范学院图书馆 欢迎您!
大连网信软件有限公司© 版权所有